Memerangkap peragut

Bibliographic Details
Main Author: Abisha Naim
Format: Book
Published: Kuala Lumpur : Pustaka Prinsip , 2005
Series:Siri sivik dan kewarganegaraan
Subjects:

MARC

LEADER 00000cam a2200000 7i4500
001 0000007489
005 20151222.0
008 070903
020 |a 9830532801(set) 
020 |a 9830532879 
090 0 0 |a JF   |b PR MAL (7735) 
100 0 |a Abisha Naim 
245 1 0 |a Memerangkap peragut   |c Abisha Naim 
260 |a Kuala Lumpur :   |b Pustaka Prinsip ,   |c 2005 
440 |a Siri sivik dan kewarganegaraan 
500 |a Children ages 7-9 years old (orange) 
650 0 |a Children's stories   |x Malay fiction 
999 |a 0000905213   |b Book   |c Children Collection   |e Cawangan Bandar Tenggara 
999 |a 0000905214   |b Book   |c Children Collection   |e Cawangan Bandar Tenggara 
999 |a 0000905217   |b Book   |c Children Collection   |e Cawangan Bandar Tenggara 
999 |a 0000984251   |b Book   |c Children Collection   |e Perbadanan Perpustakaan Awam Johor 
999 |a 0000984252   |b Book   |c Children Collection   |e Cawangan Bukit Gambir 
999 |a 0000984253   |b Book   |c Children Collection   |e Cawangan Kota Tinggi 
999 |a 0000984255   |b Book   |c Children Collection   |e Cawangan Tangkak